A haunted woman. (Запис № 505155)

МАРК-запис
000 -LEADER
fixed length control field 01310cam a22003011 4500
001 - CONTROL NUMBER
control field hauntedwoman00frie
003 - CONTROL NUMBER IDENTIFIER
control field CaSfIA
005 - DATE AND TIME OF LATEST TRANSACTION
control field 20210118095344.0
007 - PHYSICAL DESCRIPTION FIXED FIELD--GENERAL INFORMATION
fixed length control field cr||||
008 - FIXED-LENGTH DATA ELEMENTS--GENERAL INFORMATION
fixed length control field 710201s1968 nyu 000 1 eng
010 ## - LIBRARY OF CONGRESS CONTROL NUMBER
LC control number 68025765
040 ## - CATALOGING SOURCE
Original cataloging agency DLC
Transcribing agency DLC
Modifying agency BTCTA
-- OCLCG
-- CaSfIA
035 ## - SYSTEM CONTROL NUMBER
System control number (OCoLC)443969
050 00 - LIBRARY OF CONGRESS CALL NUMBER
Classification number PZ4.F8989
Item number Hau
Classification number PS3556.R564
082 04 - DEWEY DECIMAL CLASSIFICATION NUMBER
Classification number 813.5
Item number F8992h
029 1# - (OCLC)
OCLC library identifier AU@
System control number 000000000296
100 1# - MAIN ENTRY--PERSONAL NAME
Personal name Friedman, Sanford,
Dates associated with a name 1928-
245 12 - TITLE STATEMENT
Title A haunted woman.
Medium [electronic resource]
250 ## - EDITION STATEMENT
Edition statement [1st ed.]
260 ## - PUBLICATION, DISTRIBUTION, ETC. (IMPRINT)
Place of publication, distribution, etc New York,
Name of publisher, distributor, etc Dutton,
Date of publication, distribution, etc 1968.
300 ## - PHYSICAL DESCRIPTION
Extent 349 p.
Dimensions 22 cm.
506 ## - RESTRICTIONS ON ACCESS NOTE
Standardized terminology for access restriction Необхідна авторизація на https://archive.org/ (створення облікового запису безкоштовно)
506 ## - RESTRICTIONS ON ACCESS NOTE
Standardized terminology for access restriction Необхідна авторизація на https://openlibrary.org/ (створення облікового запису безкоштовно)
776 08 - ADDITIONAL PHYSICAL FORM ENTRY
Display text Online version:
Main entry heading Friedman, Sanford, 1928-
Title Haunted woman.
Edition [1st ed.]
Place, publisher, and date of publication New York, Dutton, 1968
Record control number (OCoLC)610435589
856 41 - ELECTRONIC LOCATION AND ACCESS
Uniform Resource Identifier <a href="http://www.archive.org/details/hauntedwoman00frie">http://www.archive.org/details/hauntedwoman00frie</a>
Public note Free eBook from the Internet Archive
856 42 - ELECTRONIC LOCATION AND ACCESS
Uniform Resource Identifier <a href="http://www.openlibrary.org/books/OL5617286M">http://www.openlibrary.org/books/OL5617286M</a>
Public note Additional information and access via Open Library
942 ## - ADDED ENTRY ELEMENTS (KOHA)
Koha item type ЕКнига

Немає доступних примірників.